000 01342cam a22003494a 4500
999 _c3677
_d3677
001 12984480
003 GZU
005 20201203133408.0
008 021029s2004 mauab b 001 0 eng
010 _a 2002041050
020 _a0072872020
040 _aDLC
_cDLC
_dDLC
042 _apcc
043 _aa------
050 0 0 _aN 7260
_b. ADA 2003
082 0 0 _a709
_221
100 1 _aAdams, Laurie.
245 1 0 _aWorld views :
_btopics in non-Western art /
_cLaurie Schneider Adams.
250 _a1st ed.
260 _aBoston, Mass. :
_bMcGraw-Hill,
_cc2004.
300 _ax, 150 p. :
_bill. (some col.), col. maps ;
_c29 cm.
504 _aIncludes bibliographical references (p. 142) and index.
650 0 _aArt, Asian.
650 0 _aIndian art.
650 0 _aArt, Primitive.
856 4 2 _3Publisher description
_uhttp://www.loc.gov/catdir/description/mh031/2002041050.html
856 4 1 _3Table of contents
_uhttp://www.loc.gov/catdir/toc/mh031/2002041050.html
856 4 2 _3Contributor biographical information
_uhttp://www.loc.gov/catdir/enhancements/fy1011/2002041050-b.html
906 _a7
_bcbc
_corignew
_d1
_eocip
_f20
_gy-gencatlg
942 _2lcc
_cBK
_h7260
_iADA
_kN